[Event "Ubate Segunda sf Dep m II"]
[Site "Ubate"]
[Date "2016.11.14"]
[Round "5.13"]
[White "Mejia Perez, Julia Marcela"]
[Black "Marquez, Lucas Mateo"]
[Result "1-0"]
[WhiteElo "1542"]
[BlackElo "1242"]
[PlyCount "93"]
[EventDate "2016.11.12"]
[EventType "swiss"]
[EventRounds "5"]
[EventCountry "COL"]
[SourceTitle "EXT 2024"]
[Source "ChessBase"]
[SourceDate "2023.10.10"]
[SourceVersion "1"]
[SourceVersionDate "2023.10.10"]
[SourceQuality "1"]

1. c4 Nf6 2. Nc3 e6 3. e3 c6 4. Nf3 d5 5. d4 a6 6. Bd2 g6 7. Qc2 Bg7 8. Be2 0-0 9. 0-0 Nbd7 10. Rac1 Qc7 11. cxd5 cxd5 12. Na4 Qd6 13. a3 Qb8 14. Nc5 Nb6 15. Nb3 Bd7 16. Nc5 Rc8 17. Nxd7 Nfxd7 18. Qb3 Re8 19. Rc2 a5 20. Bb5 a4 21. Qd3 Rf8 22. Bb4 Re8 23. Rfc1 Rd8 24. Be7 Re8 25. Bb4 Bf8 26. Bxf8 Rxf8 27. Rc7 Rd8 28. Bxd7 Nxd7 29. Qb5 Nf8 30. Ne5 f6 31. Rxb7 Ra5 32. Rxb8 Rxb5 33. Rxd8 fxe5 34. Rcc8 Rxb2 35. Rxf8+ Kg7 36. h3 Rb7 37. Rfe8 exd4 38. exd4 Rf7 39. Rxe6 h5 40. Ra6 h4 41. Rxa4 g5 42. Ra5 Rd7 43. Rcc5 Kh7 44. Rxd5 Rg7 45. Rxg5 Rxg5 46. Rxg5 Kh6 47. Rg4 1-0

[Event "Ubate Segunda sf Dep m II"]
[Site "Ubate"]
[Date "2016.11.12"]
[Round "1.4"]
[White "Mejia Perez, Julia Marcela"]
[Black "Segura T, Jesus Daniel"]
[Result "0-1"]
[WhiteElo "1542"]
[BlackElo "1706"]
[PlyCount "50"]
[EventDate "2016.11.12"]
[EventType "swiss"]
[EventRounds "5"]
[EventCountry "COL"]
[SourceTitle "EXT 2024"]
[Source "ChessBase"]
[SourceDate "2023.10.10"]
[SourceVersion "1"]
[SourceVersionDate "2023.10.10"]
[SourceQuality "1"]

1. c4 e5 2. Nc3 Nc6 3. e3 f5 4. Qc2 d6 5. a3 Nf6 6. Be2 Be7 7. d4 e4 8. f3 exf3 9. Nxf3 0-0 10. 0-0 h6 11. d5 Ne5 12. Nd4 g6 13. e4 fxe4 14. Bxh6 Rf7 15. Nxe4 Rh7 16. Nxf6+ Bxf6 17. Bf4 Qe8 18. Bg3 Ng4 19. Bxg4 Bxd4+ 20. Kh1 Bxg4 21. Rfe1 Be5 22. Bxe5 dxe5 23. Qe4 Bf5 24. Qf3 e4 25. Qg3 Qd7 0-1

[Event "Bogota Superate Cat A Girls"]
[Site "Bogota"]
[Date "2015.10.17"]
[Round "4.1"]
[White "Mejia Perez, Julia Marcela"]
[Black "Fraile Vela, Maria Isabel"]
[Result "1/2-1/2"]
[WhiteElo "1509"]
[BlackElo "1665"]
[PlyCount "54"]
[EventDate "2015.10.16"]
[EventType "swiss"]
[EventRounds "5"]
[EventCountry "COL"]
[SourceTitle "EXT 2024"]
[Source "ChessBase"]
[SourceDate "2023.10.10"]
[SourceVersion "1"]
[SourceVersionDate "2023.10.10"]
[SourceQuality "1"]

1. c4 e6 2. Nc3 d5 3. e3 Nf6 4. Nf3 Be7 5. Qc2 c6 6. b3 Nbd7 7. Bb2 Qc7 8. cxd5 cxd5 9. Rc1 a6 10. Na4 Qxc2 11. Rxc2 0-0 12. Be2 b5 13. Nc3 Bb7 14. 0-0 Rac8 15. Rfc1 Bd6 16. d4 Rc7 17. Nd1 Rfc8 18. Rxc7 Rxc7 19. Rxc7 Bxc7 20. Bd3 h6 21. h3 g6 22. Bc3 Bc6 23. a3 Kf8 24. Kf1 Ke8 25. Ke2 Kd8 26. Nb2 a5 27. b4 a4 1/2-1/2

[Event "Central Region-ch U16 Girls Integrada"]
[Site "Villavicencio"]
[Date "2015.04.24"]
[Round "3.4"]
[White "Mejia Perez, Julia Marcela"]
[Black "Bernal Parra, Liz Gabriela"]
[Result "1-0"]
[WhiteElo "1480"]
[BlackElo "1454"]
[PlyCount "93"]
[EventDate "2015.04.23"]
[EventType "swiss"]
[EventRounds "5"]
[EventCountry "COL"]
[SourceTitle "EXT 2024"]
[Source "ChessBase"]
[SourceDate "2023.10.10"]
[SourceVersion "1"]
[SourceVersionDate "2023.10.10"]
[SourceQuality "1"]

1. c4 e5 2. Nc3 Nc6 3. g3 Nf6 4. Bg2 d6 5. e3 Be6 6. b3 d5 7. cxd5 Nxd5 8. Nge2 Bc5 9. Bb2 0-0 10. 0-0 Bb6 11. Qc2 Ndb4 12. Qb1 Nd3 13. Be4 Nxb2 14. Qxb2 f5 15. Bxc6 bxc6 16. Rac1 c5 17. Na4 Qd6 18. f4 e4 19. Qe5 Rad8 20. Nxc5 Qxe5 21. fxe5 Bxc5 22. Rxc5 Rd5 23. Rxc7 Rxd2 24. Nf4 Rd7 25. Nxe6 Rxc7 26. Nxc7 Rf7 27. Nd5 Rd7 28. Rd1 Kf7 29. Kf2 Ke6 30. Nf4+ Ke7 31. Rxd7+ Kxd7 32. e6+ Ke7 33. h3 g5 34. Ne2 Kxe6 35. g4 Ke5 36. Nd4 f4 37. Nc6+ Kd5 38. Nxa7 Kc5 39. a3 h6 40. Nc8 Kd5 41. Ne7+ Ke6 42. Ng8 fxe3+ 43. Kxe3 Kd5 44. Nxh6 Ke5 45. Nf7+ Kd5 46. Nxg5 Ke5 47. Nxe4 1-0

[Event "COL-ch School U15 Girls"]
[Site "Ibague"]
[Date "2014.11.23"]
[Round "6.4"]
[White "Medina Barrios, Lina Maria"]
[Black "Mejia Perez, Julia Marcela"]
[Result "1-0"]
[WhiteElo "1508"]
[BlackElo "1480"]
[PlyCount "93"]
[EventDate "2014.11.20"]
[EventType "swiss"]
[EventRounds "6"]
[EventCountry "COL"]
[SourceTitle "EXT 2024"]
[Source "ChessBase"]
[SourceDate "2023.10.10"]
[SourceVersion "1"]
[SourceVersionDate "2023.10.10"]
[SourceQuality "1"]

1. e4 a6 2. d4 b5 3. Nf3 Bb7 4. Bd3 e6 5. 0-0 Ne7 6. Bf4 d6 7. Re1 Ng6 8. Bg3 Be7 9. Nc3 0-0 10. a3 c5 11. dxc5 dxc5 12. e5 c4 13. Be4 Bxe4 14. Nxe4 Nc6 15. Re2 Qxd1+ 16. Rxd1 Rad8 17. Rdd2 Rxd2 18. Rxd2 Rd8 19. Rxd8+ Bxd8 20. Nc5 a5 21. c3 Bc7 22. Nd7 f6 23. exf6 Bxg3 24. hxg3 gxf6 25. Nxf6+ Kg7 26. Ne4 b4 27. Nd6 bxa3 28. bxa3 Nge5 29. Nxe5 Nxe5 30. f4 Nd3 31. Nxc4 a4 32. Nb6 Nc5 33. c4 Kf6 34. Kf2 Kf5 35. Ke3 Kg4 36. Kd4 Nb3+ 37. Kc3 Nc5 38. Kb4 Nd3+ 39. Kxa4 Kxg3 40. Kb5 h5 41. a4 h4 42. a5 Kxg2 43. a6 h3 44. a7 h2 45. a8Q+ Kg1 46. Qg8+ Kf2 47. Qg4 1-0

[Event "COL-ch School U17 Girls"]
[Site "Bogota"]
[Date "2014.11.17"]
[Round "5.3"]
[White "Mejia Perez, Julia Marcela"]
[Black "Valencia Lopez, Daily Vanessa"]
[Result "1-0"]
[WhiteElo "1480"]
[BlackElo "1629"]
[PlyCount "95"]
[EventDate "2014.11.14"]
[EventType "swiss"]
[EventRounds "6"]
[EventCountry "COL"]
[SourceTitle "EXT 2024"]
[Source "ChessBase"]
[SourceDate "2023.10.10"]
[SourceVersion "1"]
[SourceVersionDate "2023.10.10"]
[SourceQuality "1"]

1. c4 e6 2. Nc3 d5 3. b3 Nf6 4. Bb2 Be7 5. g3 Nbd7 6. Bg2 b6 7. e3 Bb7 8. Nge2 c5 9. cxd5 Nxd5 10. Nxd5 Bxd5 11. Bxd5 exd5 12. Bxg7 Rg8 13. Bc3 Nf6 14. Qc2 h6 15. d4 Rc8 16. Qf5 Ne4 17. dxc5 Nxc3 18. Nxc3 Bf6 19. Rc1 Rxc5 20. Ne2 Rxc1+ 21. Nxc1 d4 22. Qe4+ Qe7 23. Qa8+ Qd8 24. Qxa7 dxe3 25. fxe3 Bc3+ 26. Kf1 Qf6+ 27. Kg1 Bd2 28. Qa8+ Qd8 29. Qxd8+ Kxd8 30. Kf2 Kc7 31. Rd1 Bxc1 32. Rxc1+ Kd7 33. Kf3 Rg6 34. Kf4 Rd6 35. Rc2 Re6 36. e4 Rf6+ 37. Ke5 Re6+ 38. Kf5 Kd8 39. e5 Kd7 40. a4 Rg6 41. b4 Re6 42. b5 Rg6 43. Rc6 Rxc6 44. bxc6+ Kxc6 45. Kf6 Kc5 46. Kxf7 Kb4 47. e6 Kxa4 48. e7 1-0

[Event "Ortega op 4th"]
[Site "Ortega"]
[Date "2014.07.03"]
[Round "2"]
[White "Perez Valcarcel, Maria Jose"]
[Black "Mejia Perez, Julia Marcela"]
[Result "0-1"]
[WhiteElo "1346"]
[BlackElo "1482"]
[PlyCount "86"]
[EventDate "2014.07.03"]
[EventType "swiss"]
[EventRounds "7"]
[EventCountry "COL"]
[SourceTitle "EXT 2015"]
[Source "ChessBase"]
[SourceDate "2014.11.20"]
[SourceVersion "1"]
[SourceVersionDate "2014.11.20"]
[SourceQuality "1"]

1. e4 e5 2. Nf3 Nc6 3. d4 exd4 4. Nxd4 Qf6 5. Be3 Bc5 6. c3 Qg6 7. h3 Qxe4 8. Nd2 Qd5 9. Qf3 Qxf3 10. N2xf3 Nxd4 11. Nxd4 Nf6 12. Bd3 0-0 13. 0-0 Re8 14. Nb5 Bd6 15. Rfe1 a6 16. Nxd6 cxd6 17. Bd4 Re6 18. Bc4 d5 19. Bxf6 dxc4 20. Bd4 h6 21. Rxe6 dxe6 22. Bb6 Bd7 23. Rd1 Bc6 24. Rd4 Bd5 25. b3 cxb3 26. axb3 Bxb3 27. Rd7 Bd5 28. Ba5 Bc6 29. Rd4 Rb8 30. Bc7 Rc8 31. Ba5 Bb5 32. g4 b6 33. Bxb6 Rxc3 34. Rd8+ Kh7 35. f4 Rxh3 36. Kg2 Ra3 37. Rf8 f6 38. g5 hxg5 39. fxg5 fxg5 40. Bd4 Ra4 41. Bc3 Rf4 42. Rc8 Rc4 43. Rxc4 Bxc4 0-1

[Event "Manizales zt U14 integr Centro (Women)"]
[Site "Manizales"]
[Date "2014.05.17"]
[Round "5.1"]
[White "Velasquez, Angie Gabriela"]
[Black "Mejia Perez, Julia Marcela"]
[Result "1/2-1/2"]
[WhiteElo "1755"]
[BlackElo "1424"]
[PlyCount "124"]
[EventDate "2014.05.15"]
[EventType "swiss"]
[EventRounds "6"]
[EventCountry "COL"]
[SourceTitle "EXT 2024"]
[Source "ChessBase"]
[SourceDate "2023.10.10"]
[SourceVersion "1"]
[SourceVersionDate "2023.10.10"]
[SourceQuality "1"]

1. e4 e5 2. Nf3 Nc6 3. d4 exd4 4. Nxd4 Qh4 5. Nb5 Qxe4+ 6. Qe2 Qxe2+ 7. Bxe2 Bb4+ 8. c3 Ba5 9. Be3 a6 10. N5a3 Nge7 11. b4 Bb6 12. Bxb6 cxb6 13. Nc4 b5 14. Nd6+ Kf8 15. Nd2 g6 16. c4 Nxb4 17. 0-0 Nc2 18. Rac1 Nd4 19. Bd3 Kg7 20. cxb5 axb5 21. Nb3 Nec6 22. Nxd4 Nxd4 23. h3 Rxa2 24. Nxc8 Rd2 25. Rfd1 Rxd1+ 26. Rxd1 Rxc8 27. Be4 Ne2+ 28. Kf1 Nc3 29. Bxb7 Nxd1 30. Bxc8 d6 31. Ke2 Nc3+ 32. Kd3 Nd1 33. f3 Kf6 34. Ba6 b4 35. Kd2 Nc3 36. Kc2 Nd5 37. Kb3 Ke5 38. g3 Kd4 39. Bc4 f6 40. f4 h6 41. h4 Ke4 42. Bb5 Nc7 43. Bc6+ Kf5 44. Bd7+ Ke4 45. Bc6+ Nd5 46. Kc4 Kf3 47. Bxd5+ Kxg3 48. Bf7 Kxf4 49. Bxg6 Kg4 50. h5 f5 51. Kxb4 f4 52. Kc4 f3 53. Kd5 f2 54. Bd3 Kxh5 55. Kxd6 Kg4 56. Ke5 h5 57. Ke4 Kg3 58. Bf1 Kh2 59. Kf3 Kg1 60. Bg2 h4 61. Bh3 Kh2 62. Bf1 Kg1 1/2-1/2